Africa Cup of Nations Winners - Statistics

General Stats
  • This quiz has been taken 56 times
  • The average score is 15 of 32
Answer Stats
Year Host Winner % Correct
2019 Egypt Algeria
85%
2008 Ghana Egypt
68%
2010 Angola Egypt
66%
2006 Egypt Egypt
66%
2017 Gabon Cameroon
59%
1998 Burkina Faso Egypt
59%
2004 Tunisia Tunisia
59%
2015 Equatorial Guinea Ivory Coast
56%
2013 South Africa Nigeria
56%
2002 Mali Cameroon
51%
2000 Ghana & Nigeria Cameroon
49%
1957 Sudan Egypt
49%
1994 Tunisia Nigeria
49%
1996 South Africa South Africa
49%
1959 United Arab Republic United Arab Republic
49%
1986 Egypt Egypt
46%
1978 Ghana Ghana
44%
2012 Gabon & Equatorial Guinea Zambia
44%
1980 Nigeria Nigeria
41%
1990 Algeria Algeria
39%
1982 Libya Ghana
39%
1963 Ghana Ghana
39%
1976 Ethiopia Morocco
39%
1984 Ivory Coast Cameroon
37%
1962 Ethiopia Ethiopia
37%
1992 Senegal Ivory Coast
37%
1988 Morocco Cameroon
34%
1965 Tunisia Ghana
32%
1970 Sudan Sudan
32%
1974 Egypt Zaire
27%
1972 Cameroon Rep. of the Congo
24%
1968 Ethiopia D.R. Congo
22%
No matching quizzes found
Score Distribution
Percent of People with Each Score
Percentile by Number Answered
Your Score History
You have not taken this quiz